Gorongosa Park Rebirth of Paradise - Episode 4: Hidden Worlds.

Discover a huge population of crocs and forests full of new species and unexplored caves..

Bibliographic Details
Corporate Authors: PBS (Firm),$4dst, Kanopy (Firm),$4dst
Format: Video
Language:English
Language Notes:In English
Published: [San Francisco, California, USA] : PBS, 2015.
Kanopy Streaming, 2016.
Subjects:
Online Access:Connect to this streaming video

MARC

Tag First Indicator Second Indicator Subfields
LEADER 00000cgm a22000004a 4500
001 in00003753521
006 m o c
007 cr una---unuuu
007 vz uzazuu
008 160825p20162015cau055 o vleng d
005 20260324171028.4
028 5 2 |a 1181157  |b Kanopy 
035 |a (OCoLC)956905160 
035 |a (CaSfKAN)kan1181157 
040 |a VDU  |b eng  |c VDU  |d UtOrBLW 
245 0 0 |a Gorongosa Park Rebirth of Paradise - Episode 4: Hidden Worlds. 
264 1 |b PBS,  |c 2015. 
264 1 |a [San Francisco, California, USA] :  |b Kanopy Streaming,  |c 2016. 
300 |a 1 online resource (streaming video file) (56 minutes):  |b digital, .flv file, sound 
306 |a 005528 
336 |a two-dimensional moving image  |b tdi  |2 rdacontent 
337 |a computer  |b c  |2 rdamedia 
338 |a online resource  |b cr  |2 carrier 
500 |a Title from title frames. 
500 |a Film 
518 |a Originally produced by PBS in 2015. 
520 |a Discover a huge population of crocs and forests full of new species and unexplored caves..  
538 |a Mode of access: World Wide Web. 
546 |a In English 
500 |a Electronic resource. 
650 0 |a Environmental sciences.  |0 http://id.loc.gov/authorities/subjects/sh92004048 
650 0 |a Television programs.  |0 http://id.loc.gov/authorities/subjects/sh85133602 
655 7 |a Internet videos.  |2 lcgft  |0 http://id.loc.gov/authorities/genreForms/gf2011026337 
655 7 |a Television programs.  |2 lcgft  |0 http://id.loc.gov/authorities/genreForms/gf2011026673 
710 2 |a PBS (Firm),$4dst. 
710 2 |a Kanopy (Firm),$4dst. 
856 4 0 |u http://proxy.library.tamu.edu/login?url=https://texasam.kanopystreaming.com/node/181158  |z Connect to this streaming video  |t 0 
999 f f |s a916e5c9-735f-3a27-ae39-781a7aaf0da6  |i 86598caa-0d8e-35ab-8f9d-1cf93ef43d0b  |t 0 
952 f f |a Texas A&M University  |b College Station  |c Electronic Resources  |s www_evans  |d Available Online  |t 0  |h No information provided 
998 f f |t 0  |l Available Online